000 00417nam a2200157Ia 4500
008 230524s9999 xx 000 0 und d
082 _a515.35
_bLIP
100 _aBela G.Liptak
245 0 _aInstrument Engineer's Hand book (Process Measurement & Analysis)
250 _a3RD
260 _aNEW DELHI
_bElsevier
_c2005
300 _aXI;1365
500 _aQuantity Number: 2
650 _aElectronics
942 _cBK
999 _c33770
_d33770